Statistics for Tottenham Hotspur 2017/18 Squad

Click here to take the quiz!

General Stats

  • This quiz has been taken 84 times
  • The average score is 19 of 25

Answer Stats

Jersey #NationalityPositionPlayer Name% Correct
1FranceGKHugo Lloris
99%
10EnglandSTHarry Kane
97%
6ColombiaCBDavinson Sánchez
87%
5BelgiumCBJan Vertonghen
87%
23DenmarkCAMChristian Eriksen
85%
7South KoreaLWHeung-Min Son
85%
4BelgiumCBToby Alderweireld
84%
2EnglandRBKieran Trippier
82%
15EnglandCDMEric Dier
81%
11ArgentinaRWÉrik Lamela
81%
19BelgiumCMMousa Dembélé
81%
3EnglandLBDanny Rose
79%
20EnglandCAMDele Alli
78%
24Ivory CoastRBSerge Aurier
76%
12KenyaCDMVictor Wanyama
76%
33WalesLBBen Davies
75%
37EnglandRBKyle Walker-Peters
74%
17FranceCMMoussa Sissoko
69%
18SpainSTFernando Llorente
68%
13NetherlandsGKMichel Vorm
62%
9NetherlandsSTVincent Janssen
56%
29EnglandCMHarry Winks
51%
22ArgentinaGKPaulo Gazzaniga
50%
21ArgentinaCBJuan Foyth
49%
14FranceLWGeorges-Kévin N'Koudou
43%

Score Distribution

Percentile by Number Answered

Percent of People with Each Score

Your Score History

You have not taken this quiz